000 01155nam2a22002531 4500
001 RU\NLR\INFOCOMM6\1000366256
005 20250617052300.0
035 _a(NLR Aleph) 002482076
090 _a2433193
_c2433193
100 _a20031204d1984 |||y0rusy50 ca
101 0 _arus
102 _aRU
105 _ay |||||||||
200 1 _aЭкологические проблемы архитектуры
_fПлехов В.Н.
210 _d1984
_aБ. м.
461 0 _1001RU\NLR\INFOCOMM6\1000366228
_12001#$aАрхитектура. Районная планировка. Градостроительство$eОбзор информ.$fЦНТИ по гражд. стр-ву и архитектуре$v1984, Вып.9
_92432979
_cМ.
_d1983-
_fЦНТИ по гражд. стр-ву и архитектуре
_oОбзор информ.
_tАрхитектура. Районная планировка. Градостроительство
_x0208-1016
_v1984, Вып.9
700 1 _aПлехов
_bВ.Н.
_4070
801 1 _aRU
_bInfoComm
_c20031204
801 0 _aRU
_bNLR
_gPSBO
852 _aNLR
_jП31/414
942 _cISSUE
980 _aNB
980 _aRUSPER